|
|
|
|
| LEADER |
02321nam a22005895i 4500 |
| 001 |
978-3-7643-7806-6 |
| 003 |
DE-He213 |
| 005 |
20151204164834.0 |
| 007 |
cr nn 008mamaa |
| 008 |
100301s2008 sz | s |||| 0|eng d |
| 020 |
|
|
|a 9783764378066
|9 978-3-7643-7806-6
|
| 024 |
7 |
|
|a 10.1007/978-3-7643-7806-6
|2 doi
|
| 040 |
|
|
|d GrThAP
|
| 050 |
|
4 |
|a QP34-38
|
| 072 |
|
7 |
|a MFG
|2 bicssc
|
| 072 |
|
7 |
|a MED075000
|2 bisacsh
|
| 082 |
0 |
4 |
|a 612
|2 23
|
| 100 |
1 |
|
|a Galdi, Giovanni P.
|e author.
|
| 245 |
1 |
0 |
|a Hemodynamical Flows
|h [electronic resource] :
|b Modeling, Analysis and Simulation /
|c by Giovanni P. Galdi, Anne M. Robertson, Rolf Rannacher, Stefan Turek.
|
| 264 |
|
1 |
|a Basel :
|b Birkhäuser Basel,
|c 2008.
|
| 300 |
|
|
|a XII, 501 p.
|b online resource.
|
| 336 |
|
|
|a text
|b txt
|2 rdacontent
|
| 337 |
|
|
|a computer
|b c
|2 rdamedia
|
| 338 |
|
|
|a online resource
|b cr
|2 rdacarrier
|
| 347 |
|
|
|a text file
|b PDF
|2 rda
|
| 490 |
1 |
|
|a Oberwolfach Seminars ;
|v 37
|
| 505 |
0 |
|
|a Review of Relevant Continuum Mechanics -- Hemorheology -- Mathematical Problems in Classical and Non-Newtonian Fluid Mechanics -- Methods for Numerical Flow Simulation -- Numerics of Fluid-Structure Interaction -- Numerical Techniques for Multiphase Flow with Liquid-Solid Interaction.
|
| 650 |
|
0 |
|a Medicine.
|
| 650 |
|
0 |
|a Human physiology.
|
| 650 |
|
0 |
|a Computer simulation.
|
| 650 |
|
0 |
|a Applied mathematics.
|
| 650 |
|
0 |
|a Engineering mathematics.
|
| 650 |
|
0 |
|a Computer mathematics.
|
| 650 |
|
0 |
|a Mathematical models.
|
| 650 |
|
0 |
|a Biomathematics.
|
| 650 |
1 |
4 |
|a Biomedicine.
|
| 650 |
2 |
4 |
|a Human Physiology.
|
| 650 |
2 |
4 |
|a Mathematical Modeling and Industrial Mathematics.
|
| 650 |
2 |
4 |
|a Simulation and Modeling.
|
| 650 |
2 |
4 |
|a Applications of Mathematics.
|
| 650 |
2 |
4 |
|a Physiological, Cellular and Medical Topics.
|
| 650 |
2 |
4 |
|a Computational Mathematics and Numerical Analysis.
|
| 700 |
1 |
|
|a Robertson, Anne M.
|e author.
|
| 700 |
1 |
|
|a Rannacher, Rolf.
|e author.
|
| 700 |
1 |
|
|a Turek, Stefan.
|e author.
|
| 710 |
2 |
|
|a SpringerLink (Online service)
|
| 773 |
0 |
|
|t Springer eBooks
|
| 776 |
0 |
8 |
|i Printed edition:
|z 9783764378059
|
| 830 |
|
0 |
|a Oberwolfach Seminars ;
|v 37
|
| 856 |
4 |
0 |
|u http://dx.doi.org/10.1007/978-3-7643-7806-6
|z Full Text via HEAL-Link
|
| 912 |
|
|
|a ZDB-2-SMA
|
| 950 |
|
|
|a Mathematics and Statistics (Springer-11649)
|